000 00814nam a2200253 i 4500
001 bg
100 1 _aMARKHAM, Calvert
245 1 0 _aKonsulting dla menedżerów /
_cCalvert Markham ; [tł. Antoni Stolarek] ; Fundacja Rozwoju Rachunkowości w Polsce.
246 _iTyt. oryg.:
_aPractical management consultancy
260 _aWarszawa :
_bFRR,
_c1997.
300 _a[2], 295 s. :
_b1 rys., wykr. ;
_c24 cm.
500 _aTyt. oryg. : "Practical management consultancy" 1997.
504 _aBibliogr. s. 249-250.
650 9 _aPoradnictwo
655 _aPodręczniki
710 0 _aFundacja Rozwoju Rachunkowości w Polsce
020 _a8386543183
040 _cBPK
041 1 _apl
_hen
080 _a659.235(07)
920 _a83-86543-18-3
942 _cKS
008 s pl f |000 0 pol
999 _c40156
_d40156
856 _uhttp://koha.tu.koszalin.pl/cgi-bin/koha/opac-detail.pl?biblionumber=40156
_yKatalog online BPK